Estatísticas para Países que Pescam Mais Peixes

Clique aqui para jogar o quiz

Estatísticas Gerais

  • Esse quiz foi jogado 2 980 vezes
    (1 107 desde o último reset)
  • A pontuação média é 15 de 20

Estatísticas das Respostas

ContinenteToneladasPaís% Correto
Ásia11.77 miChina
98%
Ásia3.13 miJapão
97%
América4.23 miEstados Unidos
95%
Ásia3.71 miÍndia
89%
América1.35 miMéxico
88%
América1.77 miChile
87%
Europa4.79 miRússia
87%
Ásia1.36 miCoreia do Sul
85%
América0.82 miArgentina
83%
Ásia6.43 miIndonésia
82%
Europa0.80 miEspanha
81%
Europa2.45 miNoruega
80%
Ásia1.52 miTailândia
75%
América5.61 miPeru
69%
Ásia3.27 miVietnã
69%
Ásia1.76 miFilipinas
68%
Ásia1.38 miMalásia
61%
Europa1.02 miIslândia
58%
Africa1.36 miMarrocos
47%
Ásia1.01 miBirmânia
42%

Distribuição das Pontuações

Percentil de Números Respondidos

Porcentagem de Pessoas com Cada Pontuação

Sua Pontuação Histórica

Você não jogou esse quiz desde o último reset